000 00632nam a2200229Ia 4500
003 OSt
005 20220918215648.0
006 a|||||r|||| 00| 0
007 ta
008 220917b |||||||| |||| 00| 0 eng d
024 _a142,025
037 _cTextual
040 _aARTS
_cARTS
_beng
041 _2eng
_aeng
082 _aY1:77, J2
100 _aMacdougall Curtis D
_949703
245 0 _aUnderstanding public opinion
_b A guide for newspaperman and newspaper readers
260 _aNA
_bNA
_c1952
650 _aSOCIOLOGY
942 _hY1:77, J2
_cTEXL
_2CC
999 _c264984
_d264984